[Event "DEM U10 2017"]
[Site "Willingen GER"]
[Date "2017.06.09"]
[Round "10"]
[White "Bungarten, Jona"]
[Black "Hecht, Jonas Christian"]
[Result "1/2-1/2"]
[Termination "normal"]
[Board "7"]
[WhiteElo "1726"]
[BlackElo "1465"]
[WhiteClock "00:23:39"]
[BlackClock "00:32:36"]
[PlyCount "101"]
[WhiteFideId "16223608"]
[BlackFideId "16214846"]
[EventCountry "GER"]
[EventRounds "11"]
[EventType "swiss"]
[EventDate "2017.06.03"]

1. e4 {[%clk 1:15:58]} 1... c5 {[%clk 1:15:50]} 2. d4 {[%clk 1:15:59]} 2...
cxd4 {[%clk 1:16:03]} 3. c3 {[%clk 1:16:22]} 3... dxc3 {[%clk 1:16:17]} 4. Nxc3
{[%clk 1:16:46]} 4... Nc6 {[%clk 1:16:23]} 5. Nf3 {[%clk 1:17:06]} 5... e6 {
[%clk 1:16:08]} 6. Bc4 {[%clk 1:16:57]} 6... d6 {[%clk 1:15:55]} 7. O-O { [%clk
1:17:06]} 7... Nge7 {[%clk 1:16:09]} 8. Bg5 {[%clk 1:17:16]} 8... a6 { [%clk
1:15:56]} 9. Qe2 {[%clk 1:17:15]} 9... h6 {[%clk 1:15:21]} 10. Bh4 { [%clk
1:17:26]} 10... b5 {[%clk 1:15:13]} 11. Bb3 {[%clk 1:16:54]} 11... Bb7 { [%clk
1:15:19]} 12. Rfd1 {[%clk 1:16:39]} 12... Qb8 {[%clk 1:14:29]} 13. Bg3 { [%clk
1:16:24]} 13... Ng6 {[%clk 1:14:41]} 14. Rac1 {[%clk 1:16:06]} 14... Be7 {[%clk
1:14:08]} 15. Qd2 {[%clk 1:11:01]} 15... O-O {[%clk 1:12:44]} 16. Bxd6 16...
Bxd6 {[%clk 1:12:09]} 17. Qxd6 {[%clk 1:09:03]} 17... Qxd6 { [%clk 1:08:30]}
18. Rxd6 {[%clk 1:09:01]} 18... Rad8 {[%clk 1:08:35]} 19. Rcd1 {[%clk 1:08:46]}
19... Rxd6 {[%clk 1:07:57]} 20. Rxd6 {[%clk 1:09:05]} 20... Rd8 {[%clk
1:07:29]} 21. Rxd8+ {[%clk 1:09:24]} 21... Nxd8 {[%clk 1:07:45]} 22. Bc2 {[%clk
1:06:02]} 22... Nc6 {[%clk 1:06:26]} 23. Kf1 {[%clk 1:00:18]} 23... Nge5 {[%clk
1:05:18]} 24. Nxe5 {[%clk 1:00:22]} 24... Nxe5 {[%clk 1:05:09]} 25. b3 {[%clk
0:59:55]} 25... Kf8 {[%clk 1:03:37]} 26. Ke2 {[%clk 0:58:50]} 26... g5 {[%clk
1:03:10]} 27. g3 {[%clk 0:57:24]} 27... Ke7 {[%clk 1:01:44]} 28. f4 { [%clk
0:56:38]} 28... gxf4 {[%clk 1:01:40]} 29. gxf4 {[%clk 0:56:45]} 29... Nc6
{[%clk 1:01:23]} 30. Ke3 {[%clk 0:56:26]} 30... f6 {[%clk 0:58:02]} 31. a3 {
[%clk 0:50:52]} 31... Kd6 {[%clk 0:57:38]} 32. b4 {[%clk 0:50:19]} 32... Bc8 {
[%clk 0:49:43]} 33. Bd3 {[%clk 0:44:10]} 33... Bd7 {[%clk 0:49:46]} 34. Be2 {
[%clk 0:42:51]} 34... Be8 {[%clk 0:49:22]} 35. Kd3 {[%clk 0:41:46]} 35... Bf7 {
[%clk 0:48:46]} 36. h4 {[%clk 0:38:31]} 36... e5 {[%clk 0:48:31]} 37. Ke3 {
[%clk 0:37:32]} 37... Nd4 {[%clk 0:48:23]} 38. Bd3 {[%clk 0:37:02]} 38... Kc6 {
[%clk 0:38:09]} 39. Ne2 {[%clk 0:33:37]} 39... Nxe2 {[%clk 0:36:32]} 40. Bxe2 {
[%clk 0:33:54]} 40... Kd6 {[%clk 0:35:54]} 41. Bg4 {[%clk 0:31:12]} 41... h5 {
[%clk 0:34:03]} 42. Bf5 {[%clk 0:28:32]} 42... Be6 {[%clk 0:32:54]} 43. fxe5+ {
[%clk 0:26:35]} 43... fxe5 {[%clk 0:31:01]} 44. Bxe6 {[%clk 0:24:51]} 44...
Kxe6 {[%clk 0:31:22]} 45. Kd3 {[%clk 0:24:58]} 45... Kd6 {[%clk 0:31:50]} 46.
Kc3 {[%clk 0:25:21]} 46... Kc6 {[%clk 0:32:17]} 47. Kb3 {[%clk 0:25:42]} 47...
Kb6 {[%clk 0:32:35]} 48. a4 {[%clk 0:25:05]} 48... Kc6 {[%clk 0:33:00]} 49.
axb5+ {[%clk 0:24:26]} 49... Kxb5 {[%clk 0:32:36]} 50. Kc3 {[%clk 0:23:39]}
50... Ka4 51. Kc4 1/2-1/2

[Event "DEM U10 2017"]
[Site "Willingen GER"]
[Date "2017.06.09"]
[Round "10"]
[White "Breitkopf-Lazar, Patrick-Robert"]
[Black "Klühs, Gustaf"]
[Result "1-0"]
[Termination "normal"]
[Board "8"]
[WhiteElo "1297"]
[BlackElo "1620"]
[WhiteClock "00:16:27"]
[BlackClock "00:56:38"]
[PlyCount "125"]
[WhiteFideId "16213742"]
[BlackFideId "16228936"]
[EventCountry "GER"]
[EventRounds "11"]
[EventType "swiss"]
[EventDate "2017.06.03"]

1. e4 {[%clk 1:15:58]} 1... e6 {[%clk 1:15:58]} 2. d4 {[%clk 1:16:10]} 2... d5
{[%clk 1:16:25]} 3. exd5 {[%clk 1:16:33]} 3... exd5 {[%clk 1:16:51]} 4. Nf3 {
[%clk 1:16:55]} 4... Bd6 {[%clk 1:17:16]} 5. c4 {[%clk 1:16:48]} 5... dxc4 {
[%clk 1:17:06]} 6. Bxc4 {[%clk 1:16:44]} 6... Nf6 {[%clk 1:17:20]} 7. O-O {
[%clk 1:16:13]} 7... O-O {[%clk 1:17:45]} 8. h3 {[%clk 1:12:51]} 8... h6 {
[%clk 1:18:07]} 9. Nc3 {[%clk 1:11:04]} 9... c6 {[%clk 1:18:12]} 10. Ne5 {
[%clk 1:06:56]} 10... Qc7 {[%clk 1:16:23]} 11. Bf4 {[%clk 1:04:51]} 11... Nbd7
{[%clk 1:15:31]} 12. Re1 {[%clk 1:03:37]} 12... Nb6 {[%clk 1:09:15]} 13. Bb3 {
[%clk 1:02:35]} 13... Nbd5 {[%clk 1:05:46]} 14. Nxd5 {[%clk 0:56:18]} 14...
Nxd5 {[%clk 1:05:33]} 15. Bh2 {[%clk 0:56:39]} 15... Be6 {[%clk 1:01:55]} 16.
Nf3 {[%clk 0:53:31]} 16... Bxh2+ {[%clk 1:02:10]} 17. Nxh2 {[%clk 0:53:55]}
17... Rad8 {[%clk 1:01:50]} 18. Nf3 {[%clk 0:46:53]} 18... Rfe8 {[%clk 1:00:09]
} 19. Rc1 {[%clk 0:44:30]} 19... f6 {[%clk 0:59:14]} 20. Rc2 {[%clk 0:35:10]}
20... Qf7 {[%clk 0:57:53]} 21. Rce2 {[%clk 0:33:01]} 21... Nf4 {[%clk 0:56:01]}
22. Bxe6 {[%clk 0:33:17]} 22... Rxe6 {[%clk 0:54:23]} 23. Rxe6 {[%clk 0:33:24]}
23... Nxe6 {[%clk 0:54:33]} 24. Qb3 {[%clk 0:31:35]} 24... Nxd4 {[%clk 0:53:50]
} 25. Nxd4 {[%clk 0:31:56]} 25... Qxb3 26. Nxb3 26... Kf7 {[%clk 0:53:57]} 27.
g3 {[%clk 0:31:50]} 27... b6 {[%clk 0:53:30]} 28. Kg2 {[%clk 0:31:00]} 28... a5
{[%clk 0:52:41]} 29. Re2 {[%clk 0:26:42]} 29... Rd7 {[%clk 0:53:03]} 30. Rd2 {
[%clk 0:26:56]} 30... Rc7 {[%clk 0:51:02]} 31. Nd4 {[%clk 0:24:23]} 31... Rd7 {
[%clk 0:50:48]} 32. Nf3 {[%clk 0:24:12]} 32... Rc7 {[%clk 0:51:04]} 33. Rc2 {
[%clk 0:24:05]} 33... c5 {[%clk 0:51:21]} 34. Nd2 {[%clk 0:24:08]} 34... b5 {
[%clk 0:50:40]} 35. Ne4 {[%clk 0:24:27]} 35... c4 {[%clk 0:50:38]} 36. Nd6+ {
[%clk 0:24:42]} 36... Ke6 {[%clk 0:51:00]} 37. Nxb5 {[%clk 0:24:57]} 37... Rc5
{[%clk 0:51:08]} 38. Nc3 {[%clk 0:23:39]} 38... Ke5 {[%clk 0:51:31]} 39. Rd2 {
[%clk 0:22:37]} 39... g5 {[%clk 0:51:20]} 40. Rd8 {[%clk 0:22:06]} 40... h5 {
[%clk 0:51:20]} 41. Re8+ {[%clk 0:18:54]} 41... Kd4 {[%clk 0:51:37]} 42. Rd8+ {
[%clk 0:18:44]} 42... Ke5 {[%clk 0:51:50]} 43. h4 {[%clk 0:18:12]} 43... g4 {
[%clk 0:51:20]} 44. Rb8 {[%clk 0:14:15]} 44... Kd4 {[%clk 0:51:10]} 45. Rd8+ {
[%clk 0:13:30]} 45... Ke5 {[%clk 0:51:23]} 46. a4 {[%clk 0:13:36]} 46... Ke6 {
[%clk 0:50:28]} 47. Rb8 {[%clk 0:13:07]} 47... f5 {[%clk 0:50:32]} 48. Rb5 {
[%clk 0:12:44]} 48... Rxb5 {[%clk 0:50:50]} 49. axb5 {[%clk 0:12:37]} 49... a4
{[%clk 0:51:15]} 50. Nxa4 {[%clk 0:12:57]} 50... c3 {[%clk 0:51:40]} 51. Nxc3 {
[%clk 0:13:17]} 51... f4 {[%clk 0:52:07]} 52. gxf4 {[%clk 0:13:40]} 52... g3 {
[%clk 0:52:33]} 53. fxg3 {[%clk 0:14:00]} 53... Kf7 {[%clk 0:52:58]} 54. b6 {
[%clk 0:14:17]} 54... Kg7 {[%clk 0:53:23]} 55. b7 {[%clk 0:14:38]} 55... Kh8 {
[%clk 0:53:50]} 56. b8=Q+ {[%clk 0:14:52]} 56... Kh7 {[%clk 0:54:17]} 57. Qb6 {
[%clk 0:15:10]} 57... Kg7 {[%clk 0:54:40]} 58. Kf3 {[%clk 0:15:34]} 58... Kf7 {
[%clk 0:55:07]} 59. Ke4 {[%clk 0:15:57]} 59... Kg7 {[%clk 0:55:32]} 60. Kf5 {
[%clk 0:16:03]} 60... Kf7 {[%clk 0:55:53]} 61. Qb7+ {[%clk 0:16:06]} 61... Kg8
{[%clk 0:56:12]} 62. Kg6 {[%clk 0:16:27]} 62... Kh8 {[%clk 0:56:38]} 63. Qb8#
1-0

[Event "DEM U10 2017"]
[Site "Willingen GER"]
[Date "2017.06.09"]
[Round "10"]
[White "Fuchs, Florian"]
[Black "von Mettenheim, Johannes"]
[Result "0-1"]
[Termination "normal"]
[Board "9"]
[WhiteElo "1758"]
[BlackElo "1407"]
[WhiteClock "00:15:16"]
[BlackClock "00:34:20"]
[PlyCount "126"]
[WhiteFideId "16213351"]
[BlackFideId "16244818"]
[EventCountry "GER"]
[EventRounds "11"]
[EventType "swiss"]
[EventDate "2017.06.03"]

1. e4 {[%clk 1:15:55]} 1... c6 {[%clk 1:15:56]} 2. d4 {[%clk 1:16:18]} 2... d5
{[%clk 1:16:21]} 3. e5 {[%clk 1:16:42]} 3... Bf5 {[%clk 1:16:47]} 4. Nf3 {
[%clk 1:17:04]} 4... e6 {[%clk 1:17:13]} 5. Be2 {[%clk 1:17:29]} 5... c5 {
[%clk 1:17:40]} 6. c4 {[%clk 1:16:25]} 6... cxd4 {[%clk 1:15:53]} 7. Nxd4 {
[%clk 1:16:50]} 7... Bg6 {[%clk 1:16:08]} 8. Nc3 {[%clk 1:15:09]} 8... Nc6 {
[%clk 1:15:37]} 9. Be3 {[%clk 1:14:58]} 9... Nxe5 {[%clk 1:15:25]} 10. cxd5 {
[%clk 1:15:22]} 10... exd5 {[%clk 1:15:43]} 11. Rc1 {[%clk 1:14:31]} 11... a6 {
[%clk 1:10:52]} 12. O-O {[%clk 1:14:26]} 12... Nf6 {[%clk 1:10:52]} 13. Re1 {
[%clk 1:11:55]} 13... Bd6 {[%clk 1:10:37]} 14. Bg5 {[%clk 1:10:10]} 14... Be7 {
[%clk 1:07:57]} 15. Bxa6 {[%clk 1:06:39]} 15... Rxa6 {[%clk 1:05:21]} 16. Rxe5
{[%clk 1:07:03]} 16... O-O {[%clk 1:05:31]} 17. Bxf6 {[%clk 1:05:15]} 17...
Bxf6 {[%clk 1:05:16]} 18. Rxd5 {[%clk 1:05:38]} 18... Rd6 {[%clk 1:01:28]} 19.
Ndb5 {[%clk 1:01:05]} 19... Rxd5 {[%clk 1:01:08]} 20. Nxd5 {[%clk 0:55:39]}
20... Bxb2 {[%clk 1:01:13]} 21. Rc7 {[%clk 0:50:29]} 21... Re8 {[%clk 1:00:28]}
22. Re7 {[%clk 0:43:00]} 22... Kh8 {[%clk 0:50:32]} 23. Rxe8+ {[%clk 0:42:15]}
23... Qxe8 {[%clk 0:50:52]} 24. Ndc7 {[%clk 0:42:37]} 24... Qc8 {[%clk 0:47:49]
} 25. Qe2 {[%clk 0:40:34]} 25... Bf6 {[%clk 0:47:20]} 26. Nd6 {[%clk 0:39:53]}
26... Qb8 {[%clk 0:46:38]} 27. Nde8 {[%clk 0:36:41]} 27... Bd8 {[%clk 0:41:30]}
28. Qe5 {[%clk 0:36:34]} 28... f6 {[%clk 0:41:24]} 29. Qd6 {[%clk 0:36:48]}
29... Kg8 {[%clk 0:40:53]} 30. Qd7 {[%clk 0:34:23]} 30... Bf7 {[%clk 0:39:50]}
31. Ne6 {[%clk 0:33:31]} 31... Qe5 {[%clk 0:39:00]} 32. Nxf6+ {[%clk 0:32:03]}
32... Qxf6 {[%clk 0:37:52]} 33. Qxd8+ {[%clk 0:32:18]} 33... Qxd8 { [%clk
0:38:07]} 34. Nxd8 {[%clk 0:32:42]} 34... Bd5 {[%clk 0:38:09]} 35. g3 { [%clk
0:31:47]} 35... Kf8 {[%clk 0:38:01]} 36. Kf1 {[%clk 0:32:03]} 36... Ke7 { [%clk
0:37:50]} 37. Nxb7 {[%clk 0:32:24]} 37... Bxb7 {[%clk 0:38:15]} 38. Ke2 { [%clk
0:32:10]} 38... Ke6 {[%clk 0:38:34]} 39. Ke3 {[%clk 0:32:05]} 39... Ke5 { [%clk
0:38:45]} 40. h4 {[%clk 0:31:21]} 40... Kf5 {[%clk 0:38:25]} 41. f3 { [%clk
0:30:58]} 41... h5 {[%clk 0:38:21]} 42. Ke2 {[%clk 0:29:55]} 42... Bc8 { [%clk
0:37:28]} 43. Ke3 {[%clk 0:27:47]} 43... Ke5 {[%clk 0:37:45]} 44. a3 { [%clk
0:26:18]} 44... Bd7 {[%clk 0:37:48]} 45. Kd3 {[%clk 0:25:09]} 45... Bc6 { [%clk
0:36:51]} 46. Ke3 {[%clk 0:25:28]} 46... Kf5 {[%clk 0:37:10]} 47. Kf2 { [%clk
0:25:03]} 47... Ke5 {[%clk 0:34:14]} 48. Ke3 {[%clk 0:25:27]} 48... g6 { [%clk
0:34:38]} 49. Kf2 {[%clk 0:22:34]} 49... Kd4 {[%clk 0:34:39]} 50. Ke2 { [%clk
0:22:57]} 50... Bd7 {[%clk 0:34:12]} 51. Kd2 {[%clk 0:22:25]} 51... Bf5 { [%clk
0:34:18]} 52. Ke2 {[%clk 0:22:01]} 52... Bh3 {[%clk 0:32:48]} 53. Kd2 { [%clk
0:21:12]} 53... Be6 {[%clk 0:32:11]} 54. Ke2 {[%clk 0:20:28]} 54... Bc4+ {[%clk
0:32:40]} 55. Kf2 {[%clk 0:19:07]} 55... Kd3 {[%clk 0:32:54]} 56. g4 { [%clk
0:18:49]} 56... Bd5 {[%clk 0:32:49]} 57. gxh5 {[%clk 0:17:33]} 57... gxh5
{[%clk 0:33:10]} 58. a4 {[%clk 0:16:54]} 58... Bb7 {[%clk 0:33:03]} 59. a5 {
[%clk 0:16:38]} 59... Bc6 {[%clk 0:33:12]} 60. a6 {[%clk 0:16:13]} 60... Ba8 {
[%clk 0:33:35]} 61. a7 {[%clk 0:14:53]} 61... Bb7 {[%clk 0:33:57]} 62. f4 {
[%clk 0:14:53]} 62... Ke4 {[%clk 0:34:20]} 63. Kg3 {[%clk 0:15:16]} 63... Kd5
0-1

[Event "DEM U10 2017"]
[Site "Willingen GER"]
[Date "2017.06.09"]
[Round "10"]
[White "Reichmann, Felix"]
[Black "Grabs, Peter"]
[Result "1-0"]
[Termination "normal"]
[Board "10"]
[WhiteElo "1550"]
[BlackElo "1281"]
[WhiteClock "00:30:15"]
[BlackClock "00:31:39"]
[PlyCount "120"]
[WhiteFideId "16238290"]
[BlackFideId "16203887"]
[EventCountry "GER"]
[EventRounds "11"]
[EventType "swiss"]
[EventDate "2017.06.03"]

1. c4 {[%clk 1:15:59]} 1... e5 {[%clk 1:15:55]} 2. g3 {[%clk 1:16:24]} 2... Nf6
{[%clk 1:16:18]} 3. Bg2 {[%clk 1:16:50]} 3... Nc6 {[%clk 1:16:38]} 4. Nc3 {
[%clk 1:17:10]} 4... d6 {[%clk 1:16:52]} 5. e3 {[%clk 1:17:35]} 5... Be6 {
[%clk 1:17:13]} 6. b3 {[%clk 1:17:59]} 6... Be7 {[%clk 1:17:32]} 7. Nge2 {
[%clk 1:18:25]} 7... O-O {[%clk 1:17:47]} 8. O-O {[%clk 1:18:46]} 8... Qd7 {
[%clk 1:17:36]} 9. Re1 {[%clk 1:17:48]} 9... Bh3 {[%clk 1:13:37]} 10. Bh1 {
[%clk 1:18:04]} 10... Qf5 {[%clk 1:10:10]} 11. e4 {[%clk 1:15:54]} 11... Qd7 {
[%clk 1:08:58]} 12. Nd5 {[%clk 1:13:53]} 12... Nxd5 {[%clk 1:06:41]} 13. cxd5 {
[%clk 1:12:07]} 13... Nd4 {[%clk 1:05:44]} 14. Nxd4 {[%clk 1:10:03]} 14... exd4
{[%clk 1:05:37]} 15. Bb2 {[%clk 1:10:24]} 15... Bf6 {[%clk 1:02:49]} 16. Rc1 {
[%clk 1:08:35]} 16... Rac8 {[%clk 0:58:55]} 17. Rc4 {[%clk 1:02:10]} 17... b5 {
[%clk 0:56:33]} 18. Rc6 {[%clk 1:01:44]} 18... Qd8 {[%clk 0:55:34]} 19. Qa1 {
[%clk 0:59:33]} 19... Bd7 {[%clk 0:53:18]} 20. Rc2 {[%clk 0:53:13]} 20... Re8 {
[%clk 0:47:11]} 21. Bxd4 {[%clk 0:52:38]} 21... Bxd4 {[%clk 0:47:10]} 22. Qxd4
{[%clk 0:52:58]} 22... a6 {[%clk 0:45:39]} 23. Qa7 {[%clk 0:51:21]} 23... c6 {
[%clk 0:40:01]} 24. dxc6 {[%clk 0:49:05]} 24... Bxc6 {[%clk 0:39:07]} 25. Qxa6
{[%clk 0:48:37]} 25... Qd7 {[%clk 0:39:07]} 26. Qb6 {[%clk 0:40:46]} 26... d5 {
[%clk 0:35:14]} 27. Rec1 {[%clk 0:35:08]} 27... dxe4 {[%clk 0:34:19]} 28. Rxc6
{[%clk 0:35:12]} 28... Rb8 {[%clk 0:31:38]} 29. Qc7 {[%clk 0:30:22]} 29... Qxd2
{[%clk 0:30:59]} 30. Qxb8 {[%clk 0:30:24]} 30... Qxc1+ {[%clk 0:31:08]} 31.
Rxc1 {[%clk 0:30:45]} 31... Rxb8 32. Bxe4 {[%clk 0:31:10]} 32... g6 { [%clk
0:31:48]} 33. Rc5 {[%clk 0:31:18]} 33... Re8 {[%clk 0:32:01]} 34. Bf3 { [%clk
0:31:30]} 34... Re1+ {[%clk 0:31:37]} 35. Kg2 {[%clk 0:31:47]} 35... Ra1 {[%clk
0:31:36]} 36. Rxb5 {[%clk 0:31:50]} 36... Rxa2 {[%clk 0:31:41]} 37. Bd5 {[%clk
0:31:59]} 37... Ra7 {[%clk 0:31:56]} 38. Rb7 {[%clk 0:32:20]} 38... Ra5 {[%clk
0:31:09]} 39. Bxf7+ {[%clk 0:30:41]} 39... Kf8 {[%clk 0:31:00]} 40. Bc4 {[%clk
0:30:19]} 40... h6 {[%clk 0:30:34]} 41. Rf7+ {[%clk 0:30:10]} 41... Ke8 {[%clk
0:30:46]} 42. Rg7 {[%clk 0:29:52]} 42... g5 {[%clk 0:31:03]} 43. Rh7 { [%clk
0:30:06]} 43... Kf8 {[%clk 0:30:44]} 44. Rxh6 {[%clk 0:29:42]} 44... Ke7 {[%clk
0:30:17]} 45. Rh5 {[%clk 0:29:11]} 45... Kf6 {[%clk 0:30:31]} 46. h4 { [%clk
0:29:35]} 46... Ra7 {[%clk 0:29:16]} 47. Rxg5 {[%clk 0:29:55]} 47... Rb7 {[%clk
0:29:35]} 48. Rb5 {[%clk 0:30:19]} 48... Rc7 {[%clk 0:29:54]} 49. Bd5 { [%clk
0:29:48]} 49... Rd7 {[%clk 0:28:58]} 50. b4 {[%clk 0:30:00]} 50... Rc7 { [%clk
0:29:09]} 51. Rb7 {[%clk 0:30:14]} 51... Rc1 {[%clk 0:29:05]} 52. b5 { [%clk
0:30:35]} 52... Rb1 {[%clk 0:29:30]} 53. b6 {[%clk 0:30:32]} 53... Ke5 { [%clk
0:29:49]} 54. Bf3 {[%clk 0:30:14]} 54... Kd6 {[%clk 0:30:08]} 55. Rb8 { [%clk
0:30:29]} 55... Kd7 {[%clk 0:30:31]} 56. b7 {[%clk 0:30:52]} 56... Kc7 { [%clk
0:30:54]} 57. Rc8+ {[%clk 0:30:00]} 57... Kd7 {[%clk 0:30:57]} 58. b8=Q { [%clk
0:30:16]} 58... Rxb8 {[%clk 0:30:55]} 59. Rxb8 {[%clk 0:30:35]} 59... Kc7
{[%clk 0:31:19]} 60. Rb5 {[%clk 0:30:15]} 60... Kd6 {[%clk 0:31:39]} 1-0

[Event "DEM U10 2017"]
[Site "Willingen GER"]
[Date "2017.06.09"]
[Round "10"]
[White "Krüger, Arthur"]
[Black "Krüger, Aurelian"]
[Result "1/2-1/2"]
[Termination "normal"]
[Board "11"]
[WhiteElo "1116"]
[BlackElo "1657"]
[WhiteClock "00:23:14"]
[BlackClock "00:00:48"]
[PlyCount "58"]
[WhiteFideId "16244966"]
[BlackFideId "16230400"]
[EventCountry "GER"]
[EventRounds "11"]
[EventType "swiss"]
[EventDate "2017.06.03"]

1. e4 {[%clk 1:15:53]} 1... e6 {[%clk 1:15:55]} 2. d4 {[%clk 1:16:10]} 2... d5
{[%clk 1:16:02]} 3. exd5 {[%clk 1:16:07]} 3... exd5 {[%clk 1:16:27]} 4. Bd3 {
[%clk 1:15:49]} 4... Bd6 {[%clk 1:16:01]} 5. Ne2 {[%clk 1:15:24]} 5... Nf6 {
[%clk 1:15:13]} 6. Bf4 {[%clk 1:15:32]} 6... O-O {[%clk 1:14:00]} 7. h3 { [%clk
1:14:37]} 7... Re8 {[%clk 1:13:14]} 8. O-O {[%clk 1:14:43]} 8... Bxf4 { [%clk
1:04:42]} 9. Nxf4 {[%clk 1:10:18]} 9... Nbd7 {[%clk 1:01:34]} 10. Nd2 { [%clk
1:05:31]} 10... Nf8 {[%clk 1:01:33]} 11. Nf3 {[%clk 1:01:39]} 11... c6 { [%clk
0:58:14]} 12. c3 {[%clk 0:57:35]} 12... Qc7 {[%clk 0:56:37]} 13. Ne2 { [%clk
0:54:07]} 13... Bd7 {[%clk 0:51:16]} 14. Ng3 {[%clk 0:52:52]} 14... Ng6 { [%clk
0:41:10]} 15. Qc2 {[%clk 0:46:56]} 15... Re7 {[%clk 0:38:33]} 16. Nf5 { [%clk
0:43:20]} 16... Bxf5 {[%clk 0:35:31]} 17. Bxf5 {[%clk 0:43:15]} 17... Rae8
{[%clk 0:34:09]} 18. Rfe1 {[%clk 0:42:47]} 18... Ne4 {[%clk 0:26:11]} 19. Re3
{[%clk 0:32:28]} 19... Qf4 {[%clk 0:19:11]} 20. Bxg6 {[%clk 0:29:35]} 20...
hxg6 {[%clk 0:18:25]} 21. Rae1 {[%clk 0:28:19]} 21... Kf8 {[%clk 0:12:44]} 22.
Ne5 {[%clk 0:26:30]} 22... Qh6 {[%clk 0:07:43]} 23. Ng4 {[%clk 0:26:16]} 23...
Qh4 {[%clk 0:06:27]} 24. f3 {[%clk 0:23:22]} 24... Nf6 {[%clk 0:04:42]} 25.
Rxe7 {[%clk 0:23:20]} 25... Rxe7 {[%clk 0:05:00]} 26. Rxe7 {[%clk 0:23:38]}
26... Kxe7 {[%clk 0:04:36]} 27. Nxf6 {[%clk 0:23:52]} 27... Qxf6 { [%clk
0:04:49]} 28. Kf1 {[%clk 0:23:38]} 28... Qf4 {[%clk 0:02:46]} 29. Qb3 { [%clk
0:23:14]} 29... Qc7 {[%clk 0:00:48]} 1/2-1/2

[Event "DEM U10 2017"]
[Site "Willingen GER"]
[Date "2017.06.09"]
[Round "10"]
[White "Amato, Cristiano"]
[Black "Strehse, Nelson"]
[Result "1-0"]
[Termination "normal"]
[Board "12"]
[WhiteElo "1505"]
[BlackElo "1042"]
[WhiteClock "00:50:44"]
[BlackClock "00:06:50"]
[PlyCount "111"]
[WhiteFideId "12998460"]
[BlackFideId "16228898"]
[EventCountry "GER"]
[EventRounds "11"]
[EventType "swiss"]
[EventDate "2017.06.03"]

1. e4 {[%clk 1:15:58]} 1... e5 {[%clk 1:15:37]} 2. Nf3 {[%clk 1:16:22]} 2...
Nc6 {[%clk 1:15:57]} 3. Bb5 {[%clk 1:16:40]} 3... Nge7 {[%clk 1:16:05]} 4. d3 {
[%clk 1:16:14]} 4... g6 {[%clk 1:16:12]} 5. Bg5 {[%clk 1:16:28]} 5... Bg7 {
[%clk 1:10:17]} 6. Nc3 {[%clk 1:16:17]} 6... h6 {[%clk 1:10:30]} 7. Be3 { [%clk
1:15:51]} 7... O-O {[%clk 1:10:42]} 8. Qd2 {[%clk 1:16:00]} 8... Kh7 { [%clk
1:06:59]} 9. O-O {[%clk 1:15:30]} 9... a6 {[%clk 1:07:18]} 10. Bc4 { [%clk
1:15:12]} 10... b5 {[%clk 1:06:34]} 11. Bb3 {[%clk 1:15:22]} 11... d6 { [%clk
1:06:50]} 12. Ne1 {[%clk 1:13:52]} 12... Bb7 {[%clk 1:03:09]} 13. a3 { [%clk
1:13:57]} 13... Ng8 {[%clk 1:00:42]} 14. f4 {[%clk 1:12:14]} 14... Nf6 { [%clk
0:54:06]} 15. Nf3 {[%clk 1:08:18]} 15... Ng4 {[%clk 0:52:37]} 16. fxe5 { [%clk
1:07:38]} 16... Nxe3 {[%clk 0:47:14]} 17. Qxe3 {[%clk 1:07:42]} 17... dxe5
{[%clk 0:47:13]} 18. Bd5 {[%clk 1:04:23]} 18... Na5 {[%clk 0:41:48]} 19. Bxb7
{[%clk 1:04:42]} 19... Nxb7 {[%clk 0:42:03]} 20. Rf2 {[%clk 1:02:55]} 20... Qd6
{[%clk 0:36:15]} 21. Raf1 {[%clk 1:01:10]} 21... Kg8 {[%clk 0:35:35]} 22. Nd2
{[%clk 0:59:37]} 22... Qd4 {[%clk 0:32:15]} 23. Qxd4 {[%clk 0:59:49]} 23...
exd4 {[%clk 0:32:33]} 24. Nd5 {[%clk 1:00:09]} 24... Nd6 {[%clk 0:31:30]} 25.
Nf6+ {[%clk 0:59:21]} 25... Bxf6 {[%clk 0:31:01]} 26. Rxf6 {[%clk 0:59:33]}
26... Rae8 {[%clk 0:30:10]} 27. Nb3 {[%clk 0:59:29]} 27... Re6 {[%clk 0:29:19]}
28. Nxd4 {[%clk 0:58:03]} 28... Rxf6 {[%clk 0:29:05]} 29. Rxf6 {[%clk 0:58:22]}
29... Kg7 {[%clk 0:29:21]} 30. e5 {[%clk 0:58:37]} 30... Re8 {[%clk 0:27:38]}
31. Nf3 {[%clk 0:54:48]} 31... Rxe5 {[%clk 0:22:50]} 32. Rxd6 32... cxd6 {
[%clk 0:22:57]} 33. Nxe5 {[%clk 0:54:46]} 33... dxe5 {[%clk 0:23:01]} 34. Kf2 {
[%clk 0:55:00]} 34... Kf6 {[%clk 0:23:05]} 35. b3 {[%clk 0:54:49]} 35... Ke6 {
[%clk 0:22:17]} 36. g4 {[%clk 0:54:02]} 36... Kd5 {[%clk 0:21:42]} 37. Ke3 {
[%clk 0:53:33]} 37... a5 {[%clk 0:18:29]} 38. c4+ {[%clk 0:53:46]} 38... bxc4 {
[%clk 0:17:19]} 39. bxc4+ {[%clk 0:52:53]} 39... Kc5 {[%clk 0:16:28]} 40. Ke4 {
[%clk 0:53:16]} 40... f6 {[%clk 0:15:40]} 41. h4 {[%clk 0:53:42]} 41... a4 {
[%clk 0:11:54]} 42. h5 {[%clk 0:51:47]} 42... g5 {[%clk 0:10:07]} 43. Kf5 {
[%clk 0:52:12]} 43... Kd4 {[%clk 0:10:18]} 44. c5 {[%clk 0:50:46]} 44... Kxc5 {
[%clk 0:10:06]} 45. Ke4 {[%clk 0:50:02]} 45... Kd6 {[%clk 0:09:58]} 46. Kf5 {
[%clk 0:50:17]} 46... Kd5 {[%clk 0:07:24]} 47. Kxf6 {[%clk 0:48:12]} 47... e4 {
[%clk 0:07:37]} 48. dxe4+ {[%clk 0:48:28]} 48... Kxe4 {[%clk 0:07:54]} 49. Kg6
{[%clk 0:48:42]} 49... Kf4 {[%clk 0:07:50]} 50. Kxh6 {[%clk 0:49:07]} 50...
Kxg4 {[%clk 0:07:08]} 51. Kg6 {[%clk 0:49:12]} 51... Kf4 {[%clk 0:07:25]} 52.
h6 {[%clk 0:49:35]} 52... g4 {[%clk 0:07:37]} 53. h7 {[%clk 0:49:52]} 53... g3
{[%clk 0:07:27]} 54. h8=Q {[%clk 0:50:10]} 54... g2 {[%clk 0:07:07]} 55. Qa1 {
[%clk 0:50:20]} 55... Kg3 {[%clk 0:06:50]} 56. Qg1 {[%clk 0:50:44]} 1-0